Sports Quiz

Random Sports or Football Quiz

NFL Rushing Leaders by Draft Year Quiz Stats

 Plays Quiz Updated Jan 19, 2021

Support Sporcle.
Go Orange.
Score 0/41 Timer 06:00
1 Play Today
Year Drafted Running Back % Correct
1990Emmitt Smith
87.2%
2007Adrian Peterson
85.5%
1989Barry Sanders
73.3%
2008Matt Forte
72.7%
2001LaDainian Tomlinson
70.9%
2003Willis McGahee
68.3%
2020Jonathan Taylor
67.1%
2016Ezekiel Elliott
65%
1995Curtis Martin
56.9%
1994Marshall Faulk
56.7%
2004Steven Jackson
54.3%
1993Jerome Bettis
54.3%
1999Edgerrin James
53.8%
2015Todd Gurley
53.1%
2018Nick Chubb
49.6%
2019Josh Jacobs
47.9%
1983Eric Dickerson
45.4%
2013Le'Veon Bell
45%
1988Thurman Thomas
44.3%
2000Jamal Lewis
42.6%
2005Frank Gore
42%
Year Drafted Running Back % Correct
2017Dalvin Cook
41.2%
2002Clinton Portis
38%
2012Alfred Morris
35.6%
1997Corey Dillon
35.5%
2006Maurice Jones-Drew
35.1%
1982Marcus Allen
34.8%
1996Eddie George
34.1%
1998Fred Taylor
32.7%
1986Neal Anderson
30.2%
2009LeSean McCoy
24%
2014Carlos Hyde
21.9%
1991Ricky Watters
21.7%
2011Mark Ingram
21.2%
1985Herschel Walker
20.6%
2010Ryan Mathews
17.4%
1987Christian Okoye
11.4%
1984Earnest Byner
8.3%
1992Edgar Bennett
5.5%
1981Freeman McNeil
5.3%
1980Joe Cribbs
1.9%

You're not logged in!

Compare scores with friends on all Sporcle quizzes.
OR
Log In

From the Vault

Harry Potter and the Cursed Child Characters

by Nietos

If your dad is Harry Potter your life can't be that bad.
Remove Ads.
Support Sporcle.
Get the best of Sporcle when you Go Orange. This ad-free experience offers more features, more stats, and more fun while also helping to support Sporcle. Thank you for becoming a member.

Show Comments

Extras

Top Quizzes Today


Score Distribution

Your Account Isn't Verified!

In order to create a playlist on Sporcle, you need to verify the email address you used during registration. Go to your Sporcle Settings to finish the process.

Report this User

Report this user for behavior that violates our Community Guidelines.

Details: